Liên doanh và quản lý liên doanh : Học để hợp tác và hợp tác để học
Đã lưu trong:
| Format: | Bog |
|---|---|
| Sprog: | Undetermined |
| Udgivet: |
Thành phố Hồ Chí Minh
Trẻ
2002
|
| Fag: | |
| Tags: |
Tilføj Tag
Ingen Tags, Vær først til at tagge denne postø!
|
| Thư viện lưu trữ: | Trung tâm Học liệu Trường Đại học Cần Thơ |
|---|
| LEADER | 00677nam a2200193Ia 4500 | ||
|---|---|---|---|
| 001 | CTU_60765 | ||
| 008 | 210402s9999 xx 000 0 und d | ||
| 020 | |b 28000 | ||
| 082 | |a 658.044 | ||
| 082 | |b L305 | ||
| 245 | 0 | |a Liên doanh và quản lý liên doanh : | |
| 245 | 0 | |b Học để hợp tác và hợp tác để học | |
| 245 | 0 | |c Bettina Buchel ... [et al.]; Minh Đức và Nguyễn Mỹ Hạnh biên dịch | |
| 260 | |a Thành phố Hồ Chí Minh | ||
| 260 | |b Trẻ | ||
| 260 | |c 2002 | ||
| 650 | |a Joint ventures,International business enterprises | ||
| 904 | |i Minh, Năm | ||
| 980 | |a Trung tâm Học liệu Trường Đại học Cần Thơ | ||